| 000 | 01348nam a2200337 a 4500 | ||
|---|---|---|---|
| 001 | ebr10554342 | ||
| 003 | CaPaEBR | ||
| 006 | m u | ||
| 007 | cr cn||||||||| | ||
| 008 | 120502s2012 enk sb 001 0 eng d | ||
| 020 | _z9781845118853 | ||
| 020 | _z9780857720887 (e-book) | ||
| 040 |
_aCaPaEBR _cCaPaEBR |
||
| 035 | _a(OCoLC)781628763 | ||
| 043 | _ae-bu--- | ||
| 050 | 1 | 4 |
_aDR93.45 _b.K38 2012eb |
| 100 | 1 | _aKatsikas, Stefanos. | |
| 245 | 1 | 0 |
_aNegotiating diplomacy in the new Europe _h[electronic resource] : _bforeign policy in post-Communist Bulgaria / _cStefanos Katsikas. |
| 260 |
_aLondon : _bI.B. Tauris, _c2012. |
||
| 300 | _axvii, 261 p. | ||
| 490 | 1 |
_aLibrary of European studies ; _vv. 10 |
|
| 504 | _aIncludes bibliographical references and index. | ||
| 533 |
_aElectronic reproduction. _bPalo Alto, Calif. : _cebrary, _d2011. _nAvailable via World Wide Web. _nAccess may be limited to ebrary affiliated libraries. |
||
| 650 | 0 |
_aPost-communism _zBulgaria. |
|
| 651 | 0 |
_aBulgaria _xForeign relations. |
|
| 651 | 0 |
_aBulgaria _xPolitics and government _y1990- |
|
| 655 | 7 |
_aElectronic books. _2local |
|
| 710 | 2 | _aebrary, Inc. | |
| 830 | 0 |
_aLibrary of European studies ; _v10. |
|
| 856 | 4 | 0 |
_uhttp://site.ebrary.com/lib/rucke/Doc?id=10554342 _zAn electronic book accessible through the World Wide Web; click to view |
| 999 |
_c197708 _d197708 |
||